[Event "Hastings Premier 1983/84 59th"]
[Site "Hastings"]
[Date "1984.01.04"]
[Round "7"]
[White "Csom, Istvan"]
[Black "Suba, Mihai"]
[Result "1/2-1/2"]
[WhiteElo "2500"]
[BlackElo "2555"]
[PlyCount "36"]
[EventDate "1983.12.28"]
[EventType "tourn"]
[EventRounds "13"]
[EventCountry "ENG"]
[EventCategory "11"]
[SourceTitle "Britbase"]
[Source "John Saunders"]
[SourceDate "2025.01.01"]
[SourceVersion "1"]
[SourceVersionDate "2025.01.01"]
[SourceQuality "1"]

1. d4 Nf6 2. Nf3 e6 3. g3 c5 4. Bg2 b5 5. c3 Bb7 6. O-O Na6 7. Bg5 Be7 8. Nbd2 O-O 9. Qb1 cxd4 10. cxd4 Rc8 11. a4 b4 12. Bxf6 Bxf6 13. Ng5 Bxg5 14. Bxb7 Rb8 15. Bxa6 Bxd2 16. Qd3 Bg5 17. a5 d5 18. e3 Bf6 1/2-1/2

[Event "Hastings Premier 1983/84 59th"]
[Site "Hastings"]
[Date "1984.01.04"]
[Round "7"]
[White "Gurevich, Dmitry"]
[Black "Ftacnik, Lubomir"]
[Result "1/2-1/2"]
[WhiteElo "2510"]
[BlackElo "2535"]
[PlyCount "149"]
[EventDate "1983.12.28"]
[EventType "tourn"]
[EventRounds "13"]
[EventCountry "ENG"]
[EventCategory "11"]
[SourceTitle "Britbase"]
[Source "John Saunders"]
[SourceDate "2025.01.01"]
[SourceVersion "1"]
[SourceVersionDate "2025.01.01"]
[SourceQuality "1"]

1. c4 Nf6 2. Nc3 c5 3. g3 e6 4. Nf3 b6 5. Bg2 Bb7 6. O-O Be7 7. d4 cxd4 8. Qxd4 d6 9. Rd1 a6 10. Bg5 Nbd7 11. Bxf6 Nxf6 12. Ng5 Bxg2 13. Kxg2 O-O 14. Nge4 Qc7 15. Rac1 Rfd8 16. Qd3 Rac8 17. b3 Qc6 18. f3 Ne8 19. h4 h6 20. a4 Rc7 21. Nf2 Qb7 22. e4 Nf6 23. Kh2 Nd7 24. Ng4 Ne5 25. Nxe5 dxe5 26. Qb1 Rcd7 27. Rxd7 Rxd7 28. Rd1 Bc5 29. Rxd7 Qxd7 30. Qd1 Bd4 31. Kg2 Qe7 32. Ne2 Qa3 33. h5 Qb2 34. Kh3 a5 35. f4 Bc5 36. Kg4 exf4 37. gxf4 Qf6 38. Ng3 g6 39. hxg6 Qxg6+ 40. Kh3 Bf2 41. Nh5 Qg1 42. Qxg1+ Bxg1 43. f5 Be3 44. Kg4 Kf8 45. Kf3 Bg5 46. fxe6 fxe6 47. e5 Kf7 48. Ng3 Kg6 49. Kg4 Bd2 50. Nh5 Be3 51. Nf6 Bd4 52. Nd7 Kf7 53. Kf4 Bg1 54. Kg4 Bd4 55. Kf4 Bc5 56. Kg4 Kg6 57. Nf6 Bg1 58. Nd7 Bd4 59. Kf4 h5 60. Ke4 h4 61. Kf4 Kf7 62. c5 Bxc5 63. Kg4 Bf2 64. Nb8 Ke7 65. b4 axb4 66. Nc6+ Kd7 67. Nxb4 Bg3 68. Kh3 Bxe5 69. Kxh4 Bc3 70. Nd3 Kd6 71. Kg4 e5 72. Kf5 Kd5 73. Nf2 Kc4 74. Ne4 Kb3 75. Nf6 {(adjourned three times)} 1/2-1/2

[Event "Hastings Premier 1983/84 59th"]
[Site "Hastings"]
[Date "1984.01.04"]
[Round "7"]
[White "Kudrin, Sergey Gennadyevich"]
[Black "Sax, Gyula"]
[Result "1/2-1/2"]
[WhiteElo "2510"]
[BlackElo "2570"]
[PlyCount "70"]
[EventDate "1983.12.28"]
[EventType "tourn"]
[EventRounds "13"]
[EventCountry "ENG"]
[EventCategory "11"]
[SourceTitle "Britbase"]
[Source "John Saunders"]
[SourceDate "2025.01.01"]
[SourceVersion "1"]
[SourceVersionDate "2025.01.01"]
[SourceQuality "1"]

1. e4 c5 2. Nf3 d6 3. d4 cxd4 4. Nxd4 Nf6 5. Nc3 e6 6. Be2 a6 7. f4 Qc7 8. O-O Be7 9. Kh1 O-O 10. Qe1 b5 11. Bf3 Bb7 12. e5 dxe5 13. fxe5 Nfd7 14. Qg3 Kh8 15. Bf4 Nc6 16. Nxc6 Bxc6 17. Ne4 Rac8 18. c3 Qb7 19. Rae1 Bd5 20. Bg5 f6 21. exf6 gxf6 22. Bf4 Rg8 23. Qh3 Rc4 24. Nd6 Bxd6 25. Bxd6 Bxf3 26. Qxf3 Qxf3 27. gxf3 Re8 28. Rd1 Nb6 29. Rfe1 Kg7 30. Bg3 Rc6 31. Bf2 Kf7 32. Bxb6 Rxb6 33. Rd7+ Re7 34. Red1 e5 35. Kg2 Ke6 1/2-1/2

[Event "Hastings Premier 1983/84 59th"]
[Site "Hastings"]
[Date "1984.01.04"]
[Round "7"]
[White "Mestel, A Jonathan"]
[Black "Martin, Andrew D"]
[Result "1/2-1/2"]
[WhiteElo "2500"]
[BlackElo "2340"]
[PlyCount "60"]
[EventDate "1983.12.28"]
[EventType "tourn"]
[EventRounds "13"]
[EventCountry "ENG"]
[EventCategory "11"]
[SourceTitle "Britbase"]
[Source "John Saunders"]
[SourceDate "2025.01.01"]
[SourceVersion "1"]
[SourceVersionDate "2025.01.01"]
[SourceQuality "1"]

1. e4 c6 2. c4 d5 3. exd5 Nf6 4. Nc3 cxd5 5. d4 e6 6. Nf3 Bb4 7. cxd5 Nxd5 8. Qc2 Nc6 9. Bd3 h6 10. O-O Bd6 11. a3 O-O 12. Re1 Nce7 13. Ne5 Bd7 14. Qe2 Nxc3 15. bxc3 Bxe5 16. Qxe5 Ng6 17. Qg3 Qf6 18. Be4 Bc6 19. Bxc6 bxc6 20. Rb1 Rfc8 21. Rb7 c5 22. Be3 cxd4 23. Bxd4 e5 24. Bxe5 Re8 25. f4 Qa6 26. Reb1 Nxe5 27. fxe5 Qxa3 28. Qf3 Qc5+ 29. Kh1 Qxe5 30. Rxf7 a5 1/2-1/2

[Event "Hastings Premier 1983/84 59th"]
[Site "Hastings"]
[Date "1984.01.06"]
[Round "8"]
[White "Ftacnik, Lubomir"]
[Black "Csom, Istvan"]
[Result "0-1"]
[WhiteElo "2535"]
[BlackElo "2500"]
[PlyCount "116"]
[EventDate "1983.12.28"]
[EventType "tourn"]
[EventRounds "13"]
[EventCountry "ENG"]
[EventCategory "11"]
[SourceTitle "Britbase"]
[Source "John Saunders"]
[SourceDate "2025.01.01"]
[SourceVersion "1"]
[SourceVersionDate "2025.01.01"]
[SourceQuality "1"]

1. Nf3 Nf6 2. c4 e6 3. Nc3 d5 4. d4 Nbd7 5. Bg5 Be7 6. e3 O-O 7. Qc2 h6 8. h4 c5 9. O-O-O cxd4 10. Nxd4 Nb6 11. f3 Bd7 12. g4 Rc8 13. Bxf6 Bxf6 14. g5 Bxd4 15. Rxd4 h5 16. f4 Qe7 17. Qd1 Nxc4 18. Bxc4 Rxc4 19. Qxh5 Rfc8 20. Qd1 Rxc3+ 21. bxc3 Qa3+ 22. Kd2 Rxc3 23. Qb1 Rxe3 24. Qb4 Bb5 25. Qxa3 Rxa3 26. Rb4 Rxa2+ 27. Kc3 Bc6 28. Kd4 a5 29. Rb3 Ra4+ 30. Ke5 Re4+ 31. Kd6 Rxf4 32. h5 Rg4 33. g6 d4 34. Rd1 fxg6 35. hxg6 Rxg6 36. Rxd4 Kf7 37. Rf4+ Rf6 38. Rg4 Rf5 39. Rbg3 Rd5+ 40. Kc7 g5 41. Rxg5 Rxg5 42. Rxg5 a4 43. Kd6 Bd5 44. Rg3 b5 45. Kc5 Bc4 46. Rf3+ Kg6 47. Kd4 Kg5 48. Rh3 Kf4 49. Re3 Bd5 50. Rh3 b4 51. Kc5 b3 52. Rh4+ Ke3 53. Rxa4 Kd2 54. Rf4 b2 55. Rf2+ Kc3 56. Rf1 Kc2 57. Rf2+ Kb3 58. Rf1 Ka2 0-1

[Event "Hastings Premier 1983/84 59th"]
[Site "Hastings"]
[Date "1984.01.06"]
[Round "8"]
[White "Suba, Mihai"]
[Black "Hebden, Mark L"]
[Result "1-0"]
[WhiteElo "2555"]
[BlackElo "2495"]
[PlyCount "123"]
[EventDate "1983.12.28"]
[EventType "tourn"]
[EventRounds "13"]
[EventCountry "ENG"]
[EventCategory "11"]
[SourceTitle "Britbase"]
[Source "John Saunders"]
[SourceDate "2025.01.01"]
[SourceVersion "1"]
[SourceVersionDate "2025.01.01"]
[SourceQuality "1"]

1. c4 Nf6 2. Nc3 g6 3. d4 Bg7 4. e4 d6 5. f3 O-O 6. Bg5 c5 7. d5 e6 8. Qd2 exd5 9. cxd5 a6 10. a4 Re8 11. Nge2 Nbd7 12. Ng3 Qc7 13. Bc4 Ne5 14. Be2 c4 15. O-O Rb8 16. Be3 b5 17. axb5 axb5 18. Ra7 Qd8 19. Na2 Rb7 20. Ra8 Ned7 21. Nb4 Nb6 22. Ra2 Bd7 23. Bd1 c3 24. bxc3 Nc4 25. Qf2 Nxe3 26. Qxe3 Qc7 27. Ne2 Rc8 28. Na6 Qd8 29. Bb3 Be8 30. Kh1 Nd7 31. Nd4 Ne5 32. Nb4 Rbc7 33. Ne2 Qh4 34. g3 Qh3 35. Rc1 Bh6 36. f4 Qxh2+ 37. Kxh2 Ng4+ 38. Kg1 Nxe3 39. Ra6 Nc4 40. Rc2 Bg7 41. Kf2 Re7 42. Kf3 f5 43. exf5 gxf5 44. Nc6 Bxc6 45. dxc6 Kf8 46. Bxc4 bxc4 47. Rd2 Rce8 48. Ra5 Re3+ 49. Kf2 Rd3 50. Rxf5+ Ke7 51. Ra2 Rc8 52. Ra7+ Ke6 53. Rb5 Bxc3 54. Nxc3 Rxc3 55. Rxh7 Rc2+ 56. Kf3 Rc3+ 57. Kg4 Rg8+ 58. Rg5 Rxg5+ 59. fxg5 Ra3 60. g6 Ra8 61. g7 Rg8 62. c7 1-0

[Event "Hastings Premier 1983/84 59th"]
[Site "Hastings"]
[Date "1984.01.07"]
[Round "9"]
[White "Hebden, Mark L"]
[Black "Ftacnik, Lubomir"]
[Result "0-1"]
[WhiteElo "2495"]
[BlackElo "2535"]
[PlyCount "78"]
[EventDate "1983.12.28"]
[EventType "tourn"]
[EventRounds "13"]
[EventCountry "ENG"]
[EventCategory "11"]
[SourceTitle "Britbase"]
[Source "John Saunders"]
[SourceDate "2025.01.01"]
[SourceVersion "1"]
[SourceVersionDate "2025.01.01"]
[SourceQuality "1"]

1. e4 c5 2. f4 g6 3. Nf3 Bg7 4. Nc3 Nc6 5. Bb5 Nd4 6. O-O Nxb5 7. Nxb5 d6 8. a4 a6 9. Nc3 Nf6 10. Qe1 O-O 11. d3 e6 12. Kh1 b6 13. Bd2 Bd7 14. Nd1 b5 15. axb5 axb5 16. Rxa8 Qxa8 17. Qh4 Bc6 18. Nf2 Qd8 19. f5 exf5 20. Bg5 h6 21. Bxh6 Nxe4 22. Bg5 Nxf2+ 23. Qxf2 Qd7 24. b3 Re8 25. h4 Re6 26. Bf4 Qe7 27. Qg3 Bxf3 28. gxf3 Bf6 29. h5 Bh4 30. Qh3 g5 31. Bg3 Bxg3 32. Qxg3 Kg7 33. d4 cxd4 34. Rd1 f4 35. Qf2 Kh6 36. Rf1 Re3 37. Qd2 Qf6 38. Qa5 g4 39. Qa8 gxf3 0-1

[Event "Hastings Premier 1983/84 59th"]
[Site "Hastings"]
[Date "1984.01.07"]
[Round "9"]
[White "Kudrin, Sergey Gennadyevich"]
[Black "Suba, Mihai"]
[Result "0-1"]
[WhiteElo "2510"]
[BlackElo "2555"]
[PlyCount "74"]
[EventDate "1983.12.28"]
[EventType "tourn"]
[EventRounds "13"]
[EventCountry "ENG"]
[EventCategory "11"]
[SourceTitle "Britbase"]
[Source "John Saunders"]
[SourceDate "2025.01.01"]
[SourceVersion "1"]
[SourceVersionDate "2025.01.01"]
[SourceQuality "1"]

1. e4 c5 2. Nf3 d6 3. d4 Nf6 ({Chessgames.com gives the more conventional move order} 3... cxd4 4. Nxd4 Nf6 5. Nc3 {- older sources give the move order of the text.}) 4. Nc3 cxd4 5. Nxd4 e6 6. Be2 a6 7. f4 Be7 8. O-O O-O 9. Kh1 Qc7 10. Qe1 b5 11. Bf3 Bb7 12. e5 Ne8 13. f5 dxe5 14. fxe6 Bxf3 15. exf7+ Rxf7 16. Nxf3 Nd7 17. Bg5 Bf8 18. Rf2 Nd6 19. Rd1 Re8 20. Re2 Qc6 21. Bc1 h6 22. a3 e4 23. Nd4 Qb7 24. Qg3 Nc4 25. b3 Nxa3 26. Bxh6 b4 27. Na4 Qd5 28. Ree1 Qh5 29. Be3 Rc8 30. Rd2 Be7 31. Bf2 Rcf8 32. Ne6 Bh4 33. Qh3 Rxf2 34. Rxf2 Rxf2 35. g3 Qf3+ 36. Kg1 Nf6 37. Nf4 Rxc2 {Sources: bulletin; Tournament Chess Vol.13, p29} 0-1

[Event "Hastings Premier 1983/84 59th"]
[Site "Hastings"]
[Date "1984.01.07"]
[Round "9"]
[White "Mestel, A Jonathan"]
[Black "Alburt, Lev O"]
[Result "1-0"]
[WhiteElo "2500"]
[BlackElo "2570"]
[PlyCount "153"]
[EventDate "1983.12.28"]
[EventType "tourn"]
[EventRounds "13"]
[EventCountry "ENG"]
[EventCategory "11"]
[SourceTitle "Britbase"]
[Source "John Saunders"]
[SourceDate "2025.01.01"]
[SourceVersion "1"]
[SourceVersionDate "2025.01.01"]
[SourceQuality "1"]

1. e4 Nf6 2. e5 Nd5 3. d4 d6 4. Nf3 g6 5. Bc4 Nb6 6. Bb3 Bg7 7. Ng5 d5 8. f4 f6 9. Nf3 Nc6 10. c3 Bf5 11. Nh4 Bxb1 12. Rxb1 f5 13. Nf3 e6 14. Bc2 Qe7 15. b3 Nd8 16. O-O Bf8 17. a4 Qg7 18. a5 Nd7 19. a6 Nb6 20. Be3 c6 21. Ra1 bxa6 22. Bd3 Qc7 23. Rxa6 Be7 24. Rf2 O-O 25. Rfa2 Nc8 26. c4 Rb8 27. c5 Rf7 28. R6a4 Rg7 29. Ba6 Nb7 30. Ng5 Qd7 31. Rb4 Nb6 32. Bf1 Nc8 33. Ba6 Nb6 34. Qd2 h6 35. Nf3 Nc8 36. g3 Qc7 37. Rba4 Bf8 38. Kg2 Qd8 39. b4 Rc7 40. Rb2 Ne7 41. Be2 Ra8 42. Rba2 Qb8 43. Qc1 Nd8 44. Nd2 Rb7 45. Qa3 Nf7 46. Ba6 Rc7 47. Nf3 Qd8 48. Rb2 Nc8 49. b5 cxb5 50. Bxb5 Rb8 51. Bd2 Rcb7 52. Ba5 Qe7 53. Rab4 Nd8 54. Qa4 Nb6 55. cxb6 axb6 56. Ba6 bxa5 57. Rxb7 Nxb7 58. Rb6 Kf7 59. Qb5 Qc7 60. Rxb7 Rxb7 61. Bxb7 Qc2+ 62. Kf1 Qd1+ 63. Kf2 Qc2+ 64. Qe2 Qb3 65. Bc8 a4 66. Qa6 Kg7 67. Bxe6 Qc2+ 68. Kg1 g5 69. Bxd5 Be7 70. Qc4 Qb1+ 71. Kf2 a3 72. Bg8 Qb2+ 73. Ke3 Kh8 74. Be6 Kg7 75. Qc8 Bf8 76. Qc7+ Kh8 77. Qf7 1-0

[Event "Hastings Premier 1983/84 59th"]
[Site "Hastings"]
[Date "1984.01.08"]
[Round "10"]
[White "Martin, Andrew D"]
[Black "Csom, Istvan"]
[Result "1-0"]
[WhiteElo "2340"]
[BlackElo "2500"]
[PlyCount "69"]
[EventDate "1983.12.28"]
[EventType "tourn"]
[EventRounds "13"]
[EventCountry "ENG"]
[EventCategory "11"]
[SourceTitle "Britbase"]
[Source "John Saunders"]
[SourceDate "2025.01.01"]
[SourceVersion "1"]
[SourceVersionDate "2025.01.01"]
[SourceQuality "1"]

1. Nf3 Nf6 2. d4 b6 3. c4 e6 4. g3 Ba6 5. b3 Bb4+ 6. Bd2 Be7 7. Nc3 d5 8. cxd5 exd5 9. Bg2 O-O 10. O-O Nbd7 11. Ne5 Bb7 12. Rc1 a6 13. Bf4 Re8 14. Re1 Nf8 15. Nd3 Ne6 16. Be5 Ne4 17. Nxe4 dxe4 18. Nf4 Bd6 19. Qc2 Ba3 20. Rcd1 Nxf4 21. Bxf4 Bd6 22. Bxd6 Qxd6 23. e3 Re7 24. Rc1 f5 25. Qe2 Rf8 26. Rc3 Kh8 27. Rec1 Rff7 28. Qb2 g5 29. b4 h5 30. b5 axb5 31. Qxb5 h4 32. a4 hxg3 33. hxg3 Rg7 34. Qxf5 Ref7 35. Qg4 1-0

[Event "Hastings Premier 1983/84 59th"]
[Site "Hastings"]
[Date "1984.01.08"]
[Round "10"]
[White "Mestel, A Jonathan"]
[Black "Short, Nigel D"]
[Result "1-0"]
[WhiteElo "2500"]
[BlackElo "2475"]
[PlyCount "127"]
[EventDate "1983.12.28"]
[EventType "tourn"]
[EventRounds "13"]
[EventCountry "ENG"]
[EventCategory "11"]
[SourceTitle "Britbase"]
[Source "John Saunders"]
[SourceDate "2025.01.01"]
[SourceVersion "1"]
[SourceVersionDate "2025.01.01"]
[SourceQuality "1"]

1. e4 e6 2. d4 d5 3. Nc3 Bb4 4. e5 Ne7 5. a3 Bxc3+ 6. bxc3 c5 7. Qg4 Qc7 8. Qxg7 Rg8 9. Qxh7 cxd4 10. Kd1 dxc3 11. Nf3 Nbc6 12. h4 Qb6 13. Be3 d4 14. Bg5 Bd7 15. Bd3 O-O-O 16. Ke2 Qc5 17. Rhb1 a6 18. Qe4 Rde8 19. g3 Nd5 20. Rb3 Na5 21. Rbb1 Nc6 22. h5 Rxg5 23. Nxg5 f5 24. exf6 Nxf6 25. Qh4 Ne5 26. Rb4 Nxd3 27. cxd3 Bb5 28. Rxd4 Kb8 29. h6 e5 30. Rc4 Bxc4 31. Qxc4 Qe7 32. Qxc3 e4 33. Kf1 e3 34. Re1 Ng4 35. Qg7 Nh2+ 36. Kg2 exf2 37. Qxe7 Rxe7 38. Kxf2 Ng4+ 39. Kf3 Rxe1 40. Kxg4 Re8 41. Nf7 b5 42. Kf5 a5 43. h7 b4 44. axb4 a4 45. Ne5 a3 46. Nc6+ Kc7 47. Nd4 a2 48. Nc2 Kd6 49. g4 Re5+ 50. Kf6 Re6+ 51. Kg7 Re7+ 52. Kg8 Re8+ 53. Kg7 Re7+ 54. Kh6 Re6+ 55. Kh5 Re2 56. Na1 Re1 57. Nb3 Re3 58. g5 Rxd3 59. Kg4 Rxb3 60. h8=Q Rxb4+ 61. Kh5 Ra4 62. Qa1 Ke7 63. Kg6 Ra7 64. Qg7+ {Sources: bulletin; Tournament Chess Vol.13, p30} 1-0

[Event "Hastings Premier 1983/84 59th"]
[Site "Hastings"]
[Date "1984.01.08"]
[Round "10"]
[White "Suba, Mihai"]
[Black "Sax, Gyula"]
[Result "1-0"]
[WhiteElo "2555"]
[BlackElo "2570"]
[PlyCount "31"]
[EventDate "1983.12.28"]
[EventType "tourn"]
[EventRounds "13"]
[EventCountry "ENG"]
[EventCategory "11"]
[SourceTitle "Britbase"]
[Source "John Saunders"]
[SourceDate "2025.01.01"]
[SourceVersion "1"]
[SourceVersionDate "2025.01.01"]
[SourceQuality "1"]

1. c4 Nf6 2. Nf3 c5 3. Nc3 d5 4. cxd5 Nxd5 5. e4 Nb4 6. Bc4 Nd3+ 7. Ke2 Nf4+ 8. Kf1 Ne6 9. Ne5 Qd6 10. f4 Nc6 11. Qa4 Ned8 12. d4 cxd4 13. Nb5 Qb8 14. Nxd4 f6 15. Ndxc6 bxc6 16. Bf7+ {Sources: bulletin; Tournament Chess Vol.13, p30} 1-0

[Event "Hastings Premier 1983/84 59th"]
[Site "Hastings"]
[Date "1984.01.09"]
[Round "11"]
[White "Csom, Istvan"]
[Black "Karlsson, Lars"]
[Result "1-0"]
[WhiteElo "2500"]
[BlackElo "2505"]
[PlyCount "91"]
[EventDate "1983.12.28"]
[EventType "tourn"]
[EventRounds "13"]
[EventCountry "ENG"]
[EventCategory "11"]
[SourceTitle "Britbase"]
[Source "John Saunders"]
[SourceDate "2025.01.01"]
[SourceVersion "1"]
[SourceVersionDate "2025.01.01"]
[SourceQuality "1"]

1. Nf3 c5 2. b3 Nc6 3. Bb2 d6 4. c4 e5 5. Nc3 g6 6. d3 Bg7 7. e3 Nge7 8. Be2 O-O 9. a3 d5 10. cxd5 Nxd5 11. Qc2 Be6 12. O-O Rc8 13. Ne4 b6 14. Rfe1 h6 15. Bf1 Qc7 16. Rac1 Qb8 17. Qb1 Rfe8 18. Ned2 Nde7 19. Qa1 Nf5 20. Bc3 a5 21. Nc4 a4 22. bxa4 Bxc4 23. dxc4 e4 24. Nd2 Qc7 25. Red1 Ra8 26. Bxg7 Nxg7 27. Nb1 Ne5 28. Nc3 Ng4 29. g3 Qe5 30. Bg2 Qf5 31. Qb2 Nh5 32. Rd5 Ne5 33. Nxe4 Nf3+ 34. Bxf3 Qxf3 35. Rxh5 Qxe4 36. Rxh6 Qe5 37. Qxb6 Rab8 38. Qc6 Qg5 39. Rh4 Rxe3 40. Rf1 Rxa3 41. Re1 Kg7 42. Rf4 Rf8 43. Qd7 Qh5 44. Kg2 g5 45. Re5 Rh8 46. Rxf7+ 1-0

[Event "Hastings Premier 1983/84 59th"]
[Site "Hastings"]
[Date "1984.01.09"]
[Round "11"]
[White "Gurevich, Dmitry"]
[Black "Mestel, A Jonathan"]
[Result "0-1"]
[WhiteElo "2510"]
[BlackElo "2500"]
[PlyCount "128"]
[EventDate "1983.12.28"]
[EventType "tourn"]
[EventRounds "13"]
[EventCountry "ENG"]
[EventCategory "11"]
[SourceTitle "Britbase"]
[Source "John Saunders"]
[SourceDate "2025.01.01"]
[SourceVersion "1"]
[SourceVersionDate "2025.01.01"]
[SourceQuality "1"]

1. d4 Nf6 2. c4 g6 3. Nc3 Bg7 4. e4 d6 5. Nf3 O-O 6. Be2 Nbd7 7. e5 dxe5 8. dxe5 Ng4 9. e6 fxe6 10. h3 Nge5 11. Nxe5 Nxe5 12. Be3 Nc6 13. O-O Nd4 14. Rc1 e5 15. c5 Kh8 16. Qd2 Be6 17. Rcd1 Qe8 18. Bh6 Bxh6 19. Qxh6 Qf7 20. Bd3 Rad8 21. Qe3 Qf4 22. Rfe1 Kg8 23. Qxf4 exf4 24. Bb1 Rf6 25. Kh2 Nc6 26. Nb5 Rc8 27. Be4 Bxa2 28. Rd7 Be6 29. Bxc6 bxc6 30. Rxe7 cxb5 31. R1xe6 Rxe6 32. Rxe6 a5 33. Ra6 a4 34. c6 Kf7 35. Ra5 Rb8 36. Ra7 Ke6 37. Rb7 Ra8 38. Rxb5 Kd6 39. Rb4 f3 40. gxf3 Kxc6 41. Rc4+ Kb6 42. Rh4 h5 43. Re4 Kb5 44. Kg3 c5 45. Kf4 c4 46. Re7 Ra6 47. Rc7 Rb6 48. Ke3 Kb4 49. Kd2 Kb3 50. Kc1 a3 51. bxa3 Ra6 52. Kd2 Rd6+ 53. Kc1 Rf6 54. Kd2 Rxf3 55. Rb7+ Kxa3 56. Rb6 Rxh3 57. Rc6 c3+ 58. Kc2 g5 59. f4 gxf4 60. Rf6 Rf3 61. Rh6 Kb4 62. Rb6+ Kc4 63. Rc6+ Kd4 64. Rd6+ Ke4 0-1

[Event "Hastings Premier 1983/84 59th"]
[Site "Hastings"]
[Date "1984.01.09"]
[Round "11"]
[White "Hebden, Mark L"]
[Black "Martin, Andrew D"]
[Result "1-0"]
[WhiteElo "2495"]
[BlackElo "2340"]
[PlyCount "145"]
[EventDate "1983.12.28"]
[EventType "tourn"]
[EventRounds "13"]
[EventCountry "ENG"]
[EventCategory "11"]
[SourceTitle "Britbase"]
[Source "John Saunders"]
[SourceDate "2025.01.01"]
[SourceVersion "1"]
[SourceVersionDate "2025.01.01"]
[SourceQuality "1"]

1. e4 e6 2. d4 d5 3. Nc3 Bb4 4. Nge2 dxe4 5. a3 Bxc3+ 6. Nxc3 Nc6 7. Be3 Nge7 8. Qd2 O-O 9. Nxe4 Nd5 10. O-O-O Nxe3 11. Qxe3 Ne7 12. h4 Nf5 13. Qd3 b6 14. Ng5 f6 15. Ne4 Bb7 16. Ng3 Nxg3 17. Qxg3 Qd6 18. Qxd6 cxd6 19. Bc4 d5 20. Bb3 Ba6 21. Rhe1 Kf7 22. c3 Rfd8 23. Re3 Bb5 24. Rde1 Rd6 25. h5 Bd7 26. f4 a5 27. g4 h6 28. Bc2 b5 29. Rg3 Rb6 30. Bg6+ Ke7 31. g5 fxg5 32. fxg5 hxg5 33. Rxg5 Kd6 34. Bf7 b4 35. Rxg7 bxa3 36. bxa3 Rab8 37. Bg6 Rb3 38. Kd2 Rxa3 39. Rc1 Ra2+ 40. Rc2 Rxc2+ 41. Bxc2 Rh8 42. Rh7 Rg8 43. h6 Rg2+ 44. Kc1 a4 45. Rg7 Rh2 46. h7 a3 47. Rg8 Ba4 48. h8=Q Rxh8 49. Rxh8 a2 50. Kb2 Bxc2 51. Kxa2 Be4 52. Kb2 Bf5 53. Kc1 Ke7 54. Kd2 Kf6 55. Ke3 Kg5 56. Rg8+ Bg6 57. Kf3 Kf5 58. Rf8+ Kg5 59. Kg3 Bf5 60. Rh8 Be4 61. Rh2 Bd3 62. Rf2 Be4 63. Rf1 Bc2 64. Re1 Bf5 65. Re5 Kg6 66. Kf4 Kf6 67. Re1 Bc2 68. Rh1 Be4 69. Rh6+ Bg6 70. Kg4 Kg7 71. Kg5 Bf5 72. Rf6 Bh3 73. Rf2 1-0

[Event "Hastings Premier 1983/84 59th"]
[Site "Hastings"]
[Date "1984.01.09"]
[Round "11"]
[White "Sax, Gyula"]
[Black "Ftacnik, Lubomir"]
[Result "1-0"]
[WhiteElo "2570"]
[BlackElo "2535"]
[PlyCount "107"]
[EventDate "1983.12.28"]
[EventType "tourn"]
[EventRounds "13"]
[EventCountry "ENG"]
[EventCategory "11"]
[SourceTitle "Britbase"]
[Source "John Saunders"]
[SourceDate "2025.01.01"]
[SourceVersion "1"]
[SourceVersionDate "2025.01.01"]
[SourceQuality "1"]

1. e4 d6 2. d4 Nf6 3. Nc3 g6 4. f4 Bg7 5. Nf3 O-O 6. Be3 Nbd7 7. Qd2 c5 8. O-O-O Ng4 9. Bg1 cxd4 10. Nxd4 e5 11. Nde2 exf4 12. Nxf4 Qa5 13. Bd4 Nge5 14. Kb1 Nc5 15. Be2 Ne6 16. Be3 Nxf4 17. Bxf4 Be6 18. Nd5 Qa4 19. Qb4 Qxb4 20. Nxb4 Rfe8 21. Bb5 Bd7 22. Bxd7 Nxd7 23. Bxd6 Rxe4 24. Nd5 Rae8 25. Nc7 Rc8 26. Rhe1 Rxe1 27. Rxe1 Nb6 28. c3 Nc4 29. Bf4 Kf8 30. Kc2 g5 31. Bg3 Rd8 32. b3 Nb6 33. c4 Bf6 34. Nb5 Nc8 35. Nc3 Be7 36. Nd5 Bd6 37. Be5 Bxe5 38. Rxe5 h6 39. g4 Rd6 40. Kc3 f6 41. Re3 a5 42. a3 b6 43. b4 axb4+ 44. axb4 Na7 45. Rd3 h5 46. gxh5 Nc6 47. Nxb6 Rxd3+ 48. Kxd3 Nxb4+ 49. Ke4 Kg7 50. Nd5 Nc6 51. c5 Na5 52. Ne3 Kh6 53. Kd5 Kxh5 54. Nc4 1-0

[Event "Hastings Premier 1983/84 59th"]
[Site "Hastings"]
[Date "1984.01.09"]
[Round "11"]
[White "Short, Nigel D"]
[Black "Alburt, Lev O"]
[Result "1-0"]
[WhiteElo "2475"]
[BlackElo "2570"]
[PlyCount "71"]
[EventDate "1983.12.28"]
[EventType "tourn"]
[EventRounds "13"]
[EventCountry "ENG"]
[EventCategory "11"]
[SourceTitle "Britbase"]
[Source "John Saunders"]
[SourceDate "2025.01.01"]
[SourceVersion "1"]
[SourceVersionDate "2025.01.01"]
[SourceQuality "1"]

1. e4 Nf6 2. e5 Nd5 3. d4 d6 4. Nf3 dxe5 5. Nxe5 g6 6. c4 Nb6 7. Nc3 Bg7 8. Be3 O-O 9. Rc1 Bf5 10. Be2 Bxe5 11. dxe5 Nc6 12. c5 Qxd1+ 13. Rxd1 Nd7 14. g4 Be6 15. f4 f6 16. exf6 Nxf6 17. h3 Nb4 18. Bf3 Rad8 19. O-O Bc4 20. Rxd8 Rxd8 21. Rc1 Nxa2 22. Nxa2 Bxa2 23. Bxb7 Rd3 24. Re1 Rb3 25. c6 Nd5 26. Bxa7 Rxh3 27. Ra1 Bb3 28. Ra3 Nxf4 29. Bb8 Ne2+ 30. Kf2 Rh2+ 31. Ke3 Nc1 32. Bxc7 Rxb2 33. Rxb3 Rxb3+ 34. Kd2 Nd3 35. Ba5 Nb4 36. Bxb4 1-0

[Event "Hastings Premier 1983/84 59th"]
[Site "Hastings"]
[Date "1984.01.10"]
[Round "12"]
[White "Karlsson, Lars"]
[Black "Hebden, Mark L"]
[Result "1-0"]
[WhiteElo "2505"]
[BlackElo "2495"]
[PlyCount "73"]
[EventDate "1983.12.28"]
[EventType "tourn"]
[EventRounds "13"]
[EventCountry "ENG"]
[EventCategory "11"]
[SourceTitle "Britbase"]
[Source "John Saunders"]
[SourceDate "2025.01.01"]
[SourceVersion "1"]
[SourceVersionDate "2025.01.01"]
[SourceQuality "1"]

1. c4 Nf6 2. Nc3 g6 3. g3 Bg7 4. Bg2 O-O 5. e3 e6 6. Qb3 c6 7. Nf3 d5 8. O-O Nbd7 9. d4 Nb6 10. c5 Nbd7 11. Qa4 b5 12. cxb6 Nxb6 13. Qa5 Nbd7 14. Qxd8 Rxd8 15. Rd1 Ba6 16. b4 Rab8 17. a3 Bc4 18. Bd2 Ne8 19. e4 a5 20. bxa5 c5 21. Bg5 f6 22. Be3 e5 23. dxc5 d4 24. c6 Nc5 25. Nxd4 exd4 26. Bxd4 Nb3 27. Bb6 Rdc8 28. Rab1 Rxc6 29. e5 Rcxb6 30. axb6 fxe5 31. Bd5+ Bxd5 32. Nxd5 Nc5 33. Ne7+ Kf8 34. Nc6 Rc8 35. Na5 Rb8 36. b7 Nf6 37. Rb5 1-0